00792nam a2200205 a 450000100100000000500170001000800410002702000180006804000250008608200150011124501910012626000700031730000290038750400320041670000350044870000220048370000310050570000280053670000220056400004895420201002061535.0190507s2008 dr b r 000 0 spa d z9789993999657 aDO-SdBNPbspacBNPHU axxxxbxxxx00aProyecto marco para las políticas de adaptación a la sequía actual y proyectada en la República Dominicana y la República de Cuba /cCarlos Manuel Rodríguez Otero...[et al.]. aSanto Domingo :bSecretaría de Estado de Medio Ambiente,c2008. a153 p. :bmap. ;c21 cm. aBibliografía : p. 150-1531 aPérez Hernández, Ada Luisa1 aBoquet Roque, Ana1 aFavier González, Lucía1 aRamírez Tejeada, Omar1 aGonzález, Zoila